000 01061nam a22002897a 4500
999 _c112
_d112
001 004057
003 CoMeUDC004057
005 20181025184111.0
008 181025b ||||| |||| 00| 0 eng d
020 _a9789587385076
040 _aCoMeUDC
_bspa
_cCoMeUDC
041 0 _aspa
082 0 4 _220
_a347 H557l
100 1 _aHernández Villarreal, Gabriel
_943886
245 1 3 _aLa reforma al proceso ejecutivo
_bestudio del impacto que sobre este tiene el análisis económico del derecho
_cGabriel Hernández Villareal
260 _c2014
_aBogotá (Colombia)
_bEditorial Universidad del Rosario, Facultad de Jurisprudencia
300 _axiv, 105 páginas
490 _aTextos de jurisprudencia
504 _aIncluye referencias bibliográficas
650 7 _912822
_aDerecho procesal
650 7 _912805
_aDerecho penal
650 7 _2Derecho
_xAspectos económicos
_99678
650 7 _920645
_aObligaciones
650 7 _922330
_aProcedimiento administrativo
690 _942781
_aDerecho procesal
942 _2ddc
_a8
_cBK
_e1
_h347
_mH557l